000 00358nam a2200145Ia 4500
005 20251222175916.0
008 251222s9999||||xx |||||||||||||| ||spa||
020 _a8420742570
082 _a843.88/D29
100 _aDaulet, Alphonse
245 0 _aAventuras Prodigiosas de Tartarin de Tarascon
250 _a1ra.ed.
264 _bGrupo Anaya
942 _cLIB
999 _c40502
_d40502